Transnational terror
| Autor principal: | |
|---|---|
| Autores Corporativos: | ; |
| Tipo de documento: | Print Libro |
| Lenguaje: | Inglés |
| Publicado: |
Washington, DC
American Enterprise Inst. for Public Policy Research [u.a.]
1975
|
| En: |
AEI Hoover policy studies (17)
Año: 1975 |
| Disponibilidad en Tübingen: | Disponible en Tübingen. UB: KB 6 A 427-1 |
| Verificar disponibilidad: | HBZ Gateway |
| Servicio de pedido Subito: | Pedir ahora. |
| Palabras clave: |
MARC
| LEADER | 00000cam a2200000 c 4500 | ||
|---|---|---|---|
| 001 | 245226834 | ||
| 003 | DE-627 | ||
| 005 | 20251222210749.0 | ||
| 007 | tu | ||
| 008 | 980615s1975 xxu||||| 00| ||eng c | ||
| 020 | |a 0844731870 |9 0-8447-3187-0 | ||
| 035 | |a (DE-627)245226834 | ||
| 035 | |a (DE-576)005803004 | ||
| 035 | |a (DE-599)GBV245226834 | ||
| 035 | |a (OCoLC)246008567 | ||
| 035 | |a (OCoLC)01887541 | ||
| 035 | |a (DE-615)00224431 | ||
| 040 | |a DE-627 |b ger |c DE-627 |e rakwb | ||
| 041 | |a eng | ||
| 044 | |c XD-US | ||
| 082 | 0 | |a 364.1/5 | |
| 084 | |a MD 8920 |2 rvk |0 (DE-625)rvk/122569: | ||
| 100 | 1 | |a Bell, John Bowyer |d 1931-2003 |0 (DE-588)126351171 |0 (DE-627)372598013 |0 (DE-576)160233364 |4 aut | |
| 109 | |a Bell, John Bowyer 1931-2003 |a Bell, J. Bowyer 1931-2003 |a Bell, J. B. 1931-2003 |a Bowyer Bell, John 1931-2003 |a Bowyer Bell, J. 1931-2003 | ||
| 245 | 1 | 0 | |a Transnational terror |c J. Bowyer Bell. American Enterprise Institute for Public Policy Research; Hoover Institution on War, Revolution and Peace, Stanford University |
| 264 | 1 | |a Washington, DC |b American Enterprise Inst. for Public Policy Research [u.a.] |c 1975 | |
| 300 | |a 91 S. | ||
| 336 | |a Text |b txt |2 rdacontent | ||
| 337 | |a ohne Hilfsmittel zu benutzen |b n |2 rdamedia | ||
| 338 | |a Band |b nc |2 rdacarrier | ||
| 490 | 1 | |a AEI-Hoover policy studies |v 17 | |
| 490 | 1 | |a Hoover Institution studies |v 53 | |
| 583 | 1 | |a Archivierung/Langzeitarchivierung gewährleistet |f SLG |x XA-DE-BW |z BfZ |2 pdager |5 DE-24 | |
| 650 | 0 | 7 | |0 (DE-588)4059534-1 |0 (DE-627)106143212 |0 (DE-576)209131136 |a Terrorismus |2 gnd |
| 650 | 0 | 7 | |0 (DE-588)7595654-8 |0 (DE-627)556145852 |0 (DE-576)275992039 |a Transnationale Politik |2 gnd |
| 650 | 0 | 7 | |0 (DE-588)4157237-3 |0 (DE-627)105502421 |0 (DE-576)209832878 |a Gewalttätigkeit |2 gnd |
| 650 | 0 | 7 | |0 (DE-588)4049680-6 |0 (DE-627)104360003 |0 (DE-576)209083042 |a Revolution |2 gnd |
| 650 | 0 | 7 | |0 (DE-588)4507923-7 |0 (DE-627)246462531 |0 (DE-576)213152975 |a Neigung |g Philosophie |2 gnd |
| 650 | 4 | |a Terrorismus |x Transnational |x Gewalttätigkeit |x Revolutionäre Orientierung | |
| 650 | 4 | |a Forschungsgegenstand |x Fallstudie |x Nordirland |x Afrika |x Lateinamerika |x Palästina |x Innere Sicherheit |x Vereinigte Staaten |x Abwehr staatsgefährdender Tätigkeit | |
| 710 | 2 | |a American Enterprise Institute |4 oth | |
| 710 | 2 | |a Hoover Institution on War |4 oth | |
| 810 | 2 | |a American Enterprise Institute for Public Policy Research |t AEI Hoover policy studies |v 17 |9 1700 |w (DE-627)129447617 |w (DE-576)018091172 |w (DE-600)196579-7 |7 am | |
| 810 | 2 | |a Hoover Institution |t Hoover Institution studies |v 53 |9 5300 |w (DE-627)171193407 |w (DE-576)001917692 |w (DE-600)1163695-6 |x 0073-330X |7 am | |
| 889 | |w (DE-576)390180726 | ||
| 935 | |i Blocktest | ||
| 936 | r | v | |a MD 8920 |b Terror, Gewalt, Mord |k Politologie |k Politische Theorie, Grundbegriffe des Politischen |k Politische Auseinandersetzung |k Terror, Gewalt, Mord |0 (DE-627)1271426560 |0 (DE-625)rvk/122569: |0 (DE-576)201426560 |
| 938 | 1 | 0 | |0 (DE-627)1756191182 |0 (DE-615)6608518 |a Terrorismus |2 fivt |
| 938 | 1 | 0 | |0 (DE-627)1756171548 |0 (DE-615)6606826 |a Gewalttätigkeit |2 fivt |
| 938 | 1 | 0 | |0 (DE-627)1756194149 |0 (DE-615)6606723 |a Revolution |2 fivt |
| 951 | |a BO | ||
| ELC | |b 1 | ||
| LOK | |0 000 xxxxxcx a22 zn 4500 | ||
| LOK | |0 001 3113535379 | ||
| LOK | |0 003 DE-627 | ||
| LOK | |0 004 245226834 | ||
| LOK | |0 005 20020606000000 | ||
| LOK | |0 008 910603||||||||||||||||ger||||||| | ||
| LOK | |0 040 |a DE-21 |c DE-627 |d DE-21 | ||
| LOK | |0 852 |a DE-21 | ||
| LOK | |0 852 1 |c KB 6 A 427-1 |9 00 | ||
| LOK | |0 935 |a krim | ||
| LOK | |0 936ln |a k10.2.2 | ||
| LOK | |0 939 |a 03-06-91 |b l01 | ||
| ORI | |a SA-MARC-krimdoka001.raw | ||
| SIG | |a UB: KB 6 A 427-1 | ||
